[Event "2BLN 1718 SC Kreuzberg - SK Union Olden"]
[Site "?"]
[Date "2018.02.25"]
[Round "7.1"]
[White "Breutigam, Martin"]
[Black "Van Kerkhof, David"]
[Result "0-1"]
[WhiteElo "2382"]
[BlackElo "2333"]
[PlyCount "130"]
[EventDate "2018.??.??"]

1. d4 Nf6 2. Nf3 c5 3. e3 g6 4. c4 Bg7 5. Nc3 O-O 6. Be2 cxd4 7. exd4 d5 8. O-O
Nc6 9. Re1 Bg4 10. cxd5 Nxd5 11. h3 Bf5 12. a3 Rc8 13. Bf1 Na5 14. Ne4 Nf6 15.
Nxf6+ Bxf6 16. Bh6 Re8 17. Bb5 Bd7 18. Bxd7 Qxd7 19. Ne5 Qd5 20. Qa4 Nc6 21.
Nxc6 Rxc6 22. Qxa7 Ra6 23. Qc5 Qxc5 24. dxc5 Bxb2 25. Ra2 Bxa3 26. c6 Bd6 27.
Rxa6 bxa6 28. Ra1 Ra8 29. Be3 a5 30. Ra4 Ra6 31. Kf1 f6 32. Ke2 Kf7 33. Kd3 Bc7
34. Rc4 Ke6 35. Bc1 Kd5 36. Ba3 Rxc6 37. Rd4+ Ke6 38. Re4+ Be5 39. Ra4 Bc7 40.
Re4+ Be5 41. Ra4 Rc3+ 42. Kd2 Rc7 43. f4 Bc3+ 44. Kd3 Kd7 45. g4 f5 46. Bc1 Bb4
47. Bb2 Kc6 48. Kc4 Kb6+ 49. Kd5 Bc3 50. Bxc3 Rxc3 51. gxf5 gxf5 52. Ke6 Rxh3
53. Kxf5 Re3 54. Ra1 e6+ 55. Kg5 Re4 56. Rh1 a4 57. Rh3 Kb5 58. Rxh7 a3 59.
Rb7+ Ka6 60. Rb8 Ra4 61. Re8 a2 62. Rxe6+ Kb7 63. Re1 a1=Q 64. Rxa1 Rxa1 65. f5
Kc7 0-1

[Event "2BLN 1718 SC Kreuzberg - SK Union Olden"]
[Site "?"]
[Date "2018.02.25"]
[Round "7.2"]
[White "Lerch, Philipp"]
[Black "Bredemeier, Dirk"]
[Result "1/2-1/2"]
[WhiteElo "2314"]
[BlackElo "2305"]
[PlyCount "70"]
[EventDate "2018.??.??"]

1. b3 e5 2. Bb2 Nc6 3. e3 Nf6 4. Bb5 Bd6 5. Na3 a6 6. Bxc6 dxc6 7. Nc4 Qe7 8.
Nxd6+ cxd6 9. d3 O-O 10. Nf3 Bd7 11. h3 Ne8 12. e4 Nc7 13. Qd2 c5 14. c3 Bc6
15. Qe2 Ne6 16. Bc1 f5 17. O-O Nf4 18. Bxf4 exf4 19. Rfe1 Rae8 20. e5 Bxf3 21.
Qxf3 dxe5 22. d4 cxd4 23. cxd4 e4 24. Qxf4 Qd7 25. Red1 Qd5 26. Rac1 Rc8 27.
Qe5 Qxe5 28. dxe5 Rxc1 29. Rxc1 Re8 30. Rc7 Rxe5 31. Rxb7 Rc5 32. a4 Rc1+ 33.
Kh2 Rc2 34. Kg1 Rc1+ 35. Kh2 Rc2 1/2-1/2

[Event "2BLN 1718 SC Kreuzberg - SK Union Olden"]
[Site "?"]
[Date "2018.02.25"]
[Round "7.3"]
[White "Mueer, Sebastian"]
[Black "Glantz, Robert"]
[Result "1/2-1/2"]
[WhiteElo "2240"]
[BlackElo "2340"]
[PlyCount "137"]
[EventDate "2018.??.??"]

1. e4 c5 2. c3 d5 3. exd5 Qxd5 4. d4 g6 5. Nf3 Bg7 6. Na3 cxd4 7. Bc4 Qe4+ 8.
Be3 Nh6 9. cxd4 O-O 10. Nb5 Nc6 11. Nc3 Qg4 12. h3 Qd7 13. g4 Kh8 14. d5 Na5
15. Be2 b6 16. Qd2 Ng8 17. h4 Nf6 18. Ne5 Qd8 19. h5 Nxh5 20. Nxf7+ Rxf7 21.
gxh5 Bf5 22. hxg6 Bxg6 23. Bd3 Qd6 24. Ke2 Qb4 25. Rag1 Bxd3+ 26. Qxd3 Qxb2+
27. Bd2 Bf6 28. Rg3 Rg8 29. Rgh3 Rgg7 30. Ne4 Qd4 31. Nxf6 Qxd3+ 32. Kxd3 exf6
33. Bc3 Nb7 34. Rf3 Nc5+ 35. Kc4 Rg4+ 36. Kb5 Kg7 37. Rd1 Rg6 38. d6 Kf8 39.
Bb4 Rg5 40. Kc6 Nd7 41. Kc7 a5 42. Ba3 b5 43. Re3 b4 44. Re7 Rxe7 45. dxe7+ Ke8
46. Bb2 Rc5+ 47. Kd6 Rc2 48. Bd4 Nb8 49. Rh1 Rd2 50. Rh4 h5 51. Ke6 Nc6 52. Bc5
Nxe7 53. Rxh5 Re2+ 54. Be3 Ng8 55. Rxa5 Kf8 56. Ra7 Rc2 57. Rf7+ Ke8 58. Rb7
Rc6+ 59. Kd5 Rc2 60. Bc5 Rxa2 61. Rxb4 Ne7+ 62. Ke6 Ra6+ 63. Rb6 Rxb6+ 64. Bxb6
Ng8 65. Bc5 f5 66. f4 Ne7 67. Ke5 Ng6+ 68. Kxf5 Nxf4 69. Kxf4 1/2-1/2

[Event "2BLN 1718 SC Kreuzberg - SK Union Olden"]
[Site "?"]
[Date "2018.02.25"]
[Round "7.4"]
[White "Kalinitschew, Sergey"]
[Black "Meessen, Max"]
[Result "1-0"]
[WhiteElo "2413"]
[BlackElo "2189"]
[PlyCount "83"]
[EventDate "2018.??.??"]

1. Nf3 d5 2. c4 d4 3. e3 Nc6 4. b4 dxe3 5. fxe3 Nxb4 6. d4 e5 7. a3 Nc6 8. Be2
exd4 9. exd4 Nf6 10. O-O Be7 11. Nc3 O-O 12. Kh1 Bg4 13. d5 Bxf3 14. Rxf3 Ne5
15. Rh3 Qd7 16. Rb1 b6 17. Qc2 Rad8 18. Bg5 Ng6 19. Rd1 h6 20. Bc1 Bd6 21. Bd3
Qg4 22. Be2 Qd7 23. Rf1 Be5 24. Bd3 Qg4 25. Nb5 Ne7 26. Re1 Rfe8 27. Rxe5 Nexd5
28. Re2 Rxe2 29. Bxe2 Re8 30. Rf3 a6 31. cxd5 axb5 32. Re3 Rxe3 33. Bxe3 Qd7
34. Qc6 Qe7 35. Qa8+ Kh7 36. Bd3+ g6 37. Bg1 Qe5 38. Bxb5 Nxd5 39. Bc4 Nf6 40.
Qf8 h5 41. Qxf7+ Kh6 42. Bd3 1-0

[Event "2BLN 1718 SC Kreuzberg - SK Union Olden"]
[Site "?"]
[Date "2018.02.25"]
[Round "7.5"]
[White "Reuker, Jari"]
[Black "Figura, Atila Gajo"]
[Result "0-1"]
[WhiteElo "2346"]
[BlackElo "2372"]
[PlyCount "107"]
[EventDate "2018.??.??"]

1. e4 c5 2. Nf3 e6 3. d4 cxd4 4. Nxd4 a6 5. c4 Nf6 6. Nc3 Qc7 7. Be2 Bb4 8. Nc2
Be7 9. f4 d6 10. O-O b6 11. Qd3 Bb7 12. b4 O-O 13. Bb2 Nbd7 14. a3 Rfe8 15. Qg3
Bf8 16. Bd3 g6 17. Rad1 Bg7 18. Qh3 Rac8 19. Nd4 e5 20. fxe5 Nxe5 21. Nd5 Nxd5
22. cxd5 b5 23. Kh1 Qe7 24. Bb1 Rc7 25. Qg3 Bc8 26. h3 Bd7 27. Bc1 Rec8 28. Bg5
f6 29. Bd2 Nc4 30. Bf4 g5 31. Bc1 Qe5 32. Qf2 g4 33. Bf4 Qh5 34. h4 Ne5 35. Ne6
Rc3 36. g3 Bh6 37. Kg2 Bxe6 38. Bxh6 Qxh6 39. dxe6 Nc4 40. Kh2 Ne3 41. Rxd6
Nxf1+ 42. Qxf1 Qe3 43. Qg2 Qc1 44. e7 Kf7 45. Qa2+ R8c4 46. Rxf6+ Kxe7 47. Qf2
Rf3 48. Rxf3 gxf3 49. Bd3 Rc3 50. Qa7+ Kf8 51. Qb8+ Kf7 52. Qb7+ Kf8 53. Qb8+
Kf7 54. Qf4+ 0-1

[Event "2BLN 1718 SC Kreuzberg - SK Union Olden"]
[Site "?"]
[Date "2018.02.25"]
[Round "7.6"]
[White "Thesing, Matthias"]
[Black "Wittje, Berthold"]
[Result "1/2-1/2"]
[WhiteElo "2314"]
[BlackElo "2227"]
[PlyCount "103"]
[EventDate "2018.??.??"]

1. e4 Nf6 2. e5 Nd5 3. d4 d6 4. Nf3 Bg4 5. Be2 c6 6. O-O Bxf3 7. Bxf3 dxe5 8.
dxe5 e6 9. Nd2 Qc7 10. Re1 Nd7 11. Qe2 Rd8 12. g3 Be7 13. h4 O-O 14. a3 Bc5 15.
Nb3 Be7 16. Bd2 Nc5 17. Bg5 b6 18. Nxc5 Bxc5 19. Bd2 Ne7 20. Rad1 Nf5 21. Qe4
Rd4 22. Qxc6 Qxc6 23. Bxc6 Rfd8 24. b4 Be7 25. Re2 Rc4 26. Be4 Nd4 27. Ree1
Nxc2 28. Bxc2 Rxc2 29. Be3 Kf8 30. Rxd8+ Bxd8 31. Rd1 Ke8 32. b5 Be7 33. a4 Bc5
34. Rc1 Rxc1+ 35. Bxc1 h5 36. Kf1 Bd4 37. Bf4 Bc5 38. Ke2 Bd4 39. f3 Bc5 40.
Be3 Be7 41. Kd3 Kd7 42. Kc4 Kc7 43. Bd2 g6 44. a5 bxa5 45. Bxa5+ Kb7 46. Bb4
Bd8 47. Bc5 Ba5 48. Bf2 Bd2 49. Kd3 Bc1 50. Ke4 Bd2 51. g4 Bc1 52. Bd4 1/2-1/2

[Event "2BLN 1718 SC Kreuzberg - SK Union Olden"]
[Site "?"]
[Date "2018.02.25"]
[Round "7.7"]
[White "Schuette, Marc"]
[Black "Moritz, Aron"]
[Result "0-1"]
[WhiteElo "2110"]
[BlackElo "2191"]
[PlyCount "48"]
[EventDate "2018.??.??"]

1. e4 g6 2. d4 Bg7 3. c3 d6 4. Bd3 Nf6 5. Nf3 O-O 6. O-O c5 7. Re1 Qc7 8. Bg5
h6 9. Bf4 Nh5 10. Be3 e5 11. dxe5 dxe5 12. Nbd2 Rd8 13. Qe2 Nc6 14. g3 b6 15.
Kg2 Nf4+ 16. gxf4 exf4 17. Bxc5 bxc5 18. Bc4 Rb8 19. Rab1 Bg4 20. h3 Rxd2 21.
Qxd2 Bxf3+ 22. Kxf3 Ne5+ 23. Kg2 f3+ 24. Kf1 Nxc4 0-1

[Event "2BLN 1718 SC Kreuzberg - SK Union Olden"]
[Site "?"]
[Date "2018.02.25"]
[Round "7.8"]
[White "Lehmann, Klaus"]
[Black "Wagner, Jan"]
[Result "1/2-1/2"]
[WhiteElo "2316"]
[BlackElo "2165"]
[PlyCount "109"]
[EventDate "2018.??.??"]

1. e4 g6 2. d4 Bg7 3. Nf3 d6 4. Be2 Nf6 5. Nbd2 O-O 6. O-O Nc6 7. c3 e5 8. dxe5
dxe5 9. Re1 Qe7 10. Qc2 Nh5 11. Nc4 Be6 12. b3 Rfd8 13. Ba3 Qe8 14. Ng5 Nf4 15.
Nxe6 fxe6 16. Bf1 Bf8 17. g3 Bxa3 18. Nxa3 Nh5 19. Nc4 Nf6 20. b4 Nd7 21. Ne3
Qe7 22. Red1 Nb6 23. Rxd8+ Rxd8 24. Rd1 Rxd1 25. Qxd1 a5 26. a3 axb4 27. axb4
Kg7 28. h4 Nd8 29. Bh3 Qd6 30. Qc2 Nf7 31. Qb3 Nd8 32. Qc2 Nf7 33. Bf1 Nd8 34.
Bc4 Nf7 35. Bb3 Nd8 36. Qe2 Nf7 37. Ng4 h5 38. Nh2 Nd7 39. Nf3 Nf6 40. Qc4 b5
41. Qxe6 Qxe6 42. Bxe6 Nxe4 43. c4 bxc4 44. Bxf7 Kxf7 45. Nxe5+ Ke6 46. Nxc4
Nc3 47. f4 Nd5 48. b5 Nc3 49. b6 cxb6 50. Nxb6 Kf5 51. Nc4 Ne2+ 52. Kf2 Nxf4
53. Ne3+ Ke5 54. gxf4+ Kxf4 55. Nd5+ 1/2-1/2

[Event "2BLN 1718 SF Berlin II - FC St. Pauli"]
[Site "?"]
[Date "2018.02.25"]
[Round "7.1"]
[White "Feuerstack, Aljoscha"]
[Black "Polzin, Rainer"]
[Result "1-0"]
[WhiteElo "2442"]
[BlackElo "2405"]
[PlyCount "102"]
[EventDate "2018.??.??"]

1. e4 d6 2. d4 Nf6 3. Bd3 e5 4. c3 d5 5. dxe5 Nxe4 6. Nf3 Nc6 7. Nbd2 Nc5 8.
Bb1 Bg4 9. O-O d4 10. h3 Bh5 11. Ne4 dxc3 12. Nxc3 Qxd1 13. Rxd1 Be7 14. Be3
Bg6 15. Ng5 Bxg5 16. Bxc5 Nd8 17. Bxg6 hxg6 18. Nb5 Ne6 19. Bxa7 O-O 20. Be3
Bxe3 21. fxe3 Ra5 22. a4 Rfa8 23. b3 c6 24. Nd6 b5 25. Rf1 R8a7 26. Rfc1 bxa4
27. Rxa4 Rxa4 28. bxa4 Rxa4 29. Rxc6 Ra7 30. Rc8+ Kh7 31. Re8 Nc5 32. Rf8 Ne6
33. Rxf7 Rxf7 34. Nxf7 Kg8 35. Nd6 Nc5 36. Kh2 Kf8 37. Kg3 Nd3 38. Nc4 Kf7 39.
Kg4 Nf2+ 40. Kf3 Nd3 41. Ke4 Nb4 42. Kf4 Nd5+ 43. Kg4 Nc3 44. Nd6+ Ke6 45. Kg5
Kxe5 46. Nc4+ Kd5 47. Nd2 Nd1 48. Nb1 Ke4 49. Kxg6 Kxe3 50. Kxg7 Ke2 51. h4 Kf2
1-0

[Event "2BLN 1718 SF Berlin II - FC St. Pauli"]
[Site "?"]
[Date "2018.02.25"]
[Round "7.2"]
[White "Rudolf, Henrik"]
[Black "Cuenca Jimenez, Jose Fernando"]
[Result "0-1"]
[WhiteElo "2309"]
[BlackElo "2500"]
[PlyCount "100"]
[EventDate "2018.??.??"]

1. e4 e6 2. d4 d5 3. Nc3 Bb4 4. e5 c5 5. a3 Bxc3+ 6. bxc3 Ne7 7. h4 Qc7 8. Rb1
b6 9. h5 h6 10. Qg4 Kf8 11. Qd1 Ba6 12. Ne2 Nbc6 13. g4 Rc8 14. Rh3 Na5 15. f4
Ke8 16. Rf3 f6 17. exf6 gxf6 18. f5 exf5 19. gxf5 Kf7 20. Bf4 Qc6 21. Ng3 Bxf1
22. Kxf1 cxd4 23. Qxd4 Qc4+ 24. Qxc4 Nxc4 25. a4 Rhg8 26. Rd1 Rg4 27. Rd4 Rcg8
28. Kf2 Rh4 29. Bxh6 Rh2+ 30. Kg1 Rxh5 31. Bf4 Nxf5 32. Rdd3 Nxg3 33. Rxg3
Rxg3+ 34. Bxg3 Ke6 35. Rd1 Rg5 36. Kh2 Rf5 37. Re1+ Kd7 38. Kg2 Rg5 39. Rh1 Rg7
40. Rh5 Ke6 41. Kh3 Ne3 42. Bf2 Nxc2 43. a5 bxa5 44. c4 d4 45. Rxa5 d3 46. Ra6+
Ke5 47. c5 Rd7 48. Bg3+ Ke4 49. c6 Rh7+ 50. Bh4 d2 0-1

[Event "2BLN 1718 SF Berlin II - FC St. Pauli"]
[Site "?"]
[Date "2018.02.25"]
[Round "7.3"]
[White "Socko, Monika"]
[Black "Nogly, Christoph"]
[Result "1-0"]
[WhiteElo "2482"]
[BlackElo "2262"]
[PlyCount "79"]
[EventDate "2018.??.??"]

1. d4 d5 2. c4 e6 3. Nc3 Nf6 4. Nf3 Nbd7 5. Bf4 Bb4 6. Qb3 c5 7. cxd5 exd5 8.
Bd2 O-O 9. e3 Qb6 10. Be2 cxd4 11. Nxd4 Nc5 12. Qc2 Bd7 13. O-O Rac8 14. Rfc1
Bxc3 15. bxc3 Nfe4 16. Be1 Na4 17. Rab1 Qc7 18. c4 Rfe8 19. Qd1 b6 20. cxd5
Nec3 21. Bxc3 Nxc3 22. Qe1 Nxe2+ 23. Nxe2 Qd6 24. Qd2 Bf5 25. Ra1 Re5 26. Rxc8+
Bxc8 27. Nc3 Rh5 28. f4 Bb7 29. Rd1 Rf5 30. Qd3 g6 31. g4 Rf6 32. Ne4 Qd8 33.
Nxf6+ Qxf6 34. g5 Qd6 35. Rd2 Qd7 36. Qe2 Qd6 37. Kf2 Kf8 38. Qc4 Kg8 39. Qe4
Qd7 40. Qe5 {(Zü)} 1-0

[Event "2BLN 1718 SF Berlin II - FC St. Pauli"]
[Site "?"]
[Date "2018.02.25"]
[Round "7.4"]
[White "Chatzidakis, Mihail Dr"]
[Black "Michna, Marta"]
[Result "1/2-1/2"]
[WhiteElo "2340"]
[BlackElo "2372"]
[PlyCount "124"]
[EventDate "2018.??.??"]

1. e4 e6 2. d4 d5 3. Nd2 Nf6 4. e5 Nfd7 5. f4 c5 6. Ngf3 Nc6 7. Nb3 c4 8. Nbd2
b5 9. Be2 Nb6 10. Nf1 Ne7 11. g4 h5 12. gxh5 Rxh5 13. Ng3 Rh8 14. Ng5 Ng8 15.
Bh5 g6 16. Be2 Bd7 17. h4 Qe7 18. h5 O-O-O 19. c3 Kb8 20. b3 Rc8 21. a4 cxb3
22. Qxb3 bxa4 23. Qc2 gxh5 24. Nh7 h4 25. Nh5 f5 26. Nxf8 Qxf8 27. Ba3 Qd8 28.
Kf2 Rc6 29. Rag1 Nc4 30. Bc5 Rxc5 31. dxc5 Qe7 32. Qd1 Na5 33. Qd4 Nb3 34. Qb4+
Kc7 35. Rg7 Qxc5+ 36. Qxc5+ Nxc5 37. Ke3 Kd8 38. c4 Ne7 39. Nf6 Bc6 40. Rd1 h3
41. cxd5 exd5 42. Bf3 Ne6 43. Rgg1 h2 44. Rh1 d4+ 45. Kf2 Bxf3 46. Kxf3 Rh3+
47. Kf2 Ng6 48. Nd5 Ke8 49. Rd2 a3 50. Kf1 Ngxf4 51. Nxf4 Nxf4 52. Rhxh2 Rb3
53. Rh8+ Ke7 54. Rxd4 a2 55. Rh7+ Ke6 56. Rxa7 Rb1+ 57. Kf2 Nh3+ 58. Kg2 a1=Q
59. Rxa1 Rxa1 60. Kxh3 Kxe5 61. Rb4 Rg1 62. Kh2 Rg8 1/2-1/2

[Event "2BLN 1718 SF Berlin II - FC St. Pauli"]
[Site "?"]
[Date "2018.02.25"]
[Round "7.5"]
[White "Krause, Jonah"]
[Black "Florstedt, Johannes"]
[Result "1-0"]
[WhiteElo "2325"]
[BlackElo "2289"]
[PlyCount "59"]
[EventDate "2018.??.??"]

1. d4 Nf6 2. c4 g6 3. Nc3 d5 4. Bg5 Bg7 5. Bxf6 Bxf6 6. cxd5 c5 7. dxc5 Nd7 8.
e3 O-O 9. Bc4 Nxc5 10. Nge2 Qa5 11. a3 Ne4 12. Rc1 Bg4 13. Qc2 Nxc3 14. Nxc3
Rac8 15. Qb3 Rc7 16. d6 exd6 17. O-O Bxc3 18. Rxc3 Rfc8 19. Rfc1 Kg7 20. h3 Bf5
21. Bd5 Rxc3 22. Rxc3 Rxc3 23. bxc3 b6 24. Bxf7 Be4 25. Bc4 Qg5 26. Bf1 d5 27.
Qa4 Kh6 28. Qxa7 Bf5 29. Qc7 Bxh3 30. Qh2 1-0

[Event "2BLN 1718 SF Berlin II - FC St. Pauli"]
[Site "?"]
[Date "2018.02.25"]
[Round "7.6"]
[White "Wendt, Jan-Dietrich"]
[Black "Jahncke, Giso"]
[Result "0-1"]
[WhiteElo "2280"]
[BlackElo "2394"]
[PlyCount "84"]
[EventDate "2018.??.??"]

1. Nf3 Nf6 2. c4 g6 3. Nc3 Bg7 4. g3 O-O 5. Bg2 d6 6. O-O a6 7. d4 Nc6 8. e3
Bd7 9. Qe2 e5 10. dxe5 dxe5 11. Rd1 Qe8 12. Nd2 Bg4 13. Bf3 Bxf3 14. Qxf3 Qe6
15. Nd5 Rad8 16. Ne4 Nxe4 17. Qxe4 Nb4 18. Rd2 f5 19. Qg2 Nxd5 20. cxd5 Qb6 21.
Qf1 Qc5 22. Qd1 Rd6 23. a3 Rfd8 24. b4 Qc4 25. Raa2 Rxd5 26. Rac2 Qb3 27. Qe2
c6 28. Bb2 e4 29. Bxg7 Kxg7 30. Ra2 Rd3 31. Kg2 Qd5 32. Rdc2 Kh6 33. h4 Rd1 34.
Rab2 Qd3 35. a4 Ra1 36. b5 Qxe2 37. Rxe2 Rdd1 38. f4 Kh5 39. bxc6 bxc6 40. Rb7
Kg4 41. Rc2 Rg1+ 42. Kf2 Rxg3 0-1

[Event "2BLN 1718 SF Berlin II - FC St. Pauli"]
[Site "?"]
[Date "2018.02.25"]
[Round "7.7"]
[White "Pajeken, Wolfgang"]
[Black "Priebe, Jan"]
[Result "1/2-1/2"]
[WhiteElo "2239"]
[BlackElo "2286"]
[PlyCount "82"]
[EventDate "2018.??.??"]

1. d4 Nf6 2. Nf3 g6 3. g3 Bg7 4. Bg2 O-O 5. O-O d6 6. Re1 Nfd7 7. e4 e5 8. Nc3
a6 9. a4 Nc6 10. Bg5 f6 11. Be3 Rb8 12. Qe2 Kh8 13. a5 exd4 14. Nxd4 Nde5 15.
h3 Nxd4 16. Bxd4 Nc6 17. Be3 f5 18. Qd2 Qf6 19. Bh6 fxe4 20. Bxg7+ Kxg7 21.
Rxe4 Bf5 22. Rc4 Rf7 23. f4 Re8 24. Kh2 h5 25. b4 Be6 26. Re1 h4 27. Rce4 hxg3+
28. Kxg3 Rfe7 29. Nd5 Bxd5 30. Qxd5 Rxe4 31. Rxe4 Rxe4 32. Qxe4 Qc3+ 33. Kh2
Kf6 34. Qd5 Qxc2 35. b5 axb5 36. Qxb5 Qd2 37. a6 Qxf4+ 38. Kh1 Qc1+ 39. Kh2
bxa6 40. Qxc6 Qxc6 41. Bxc6 a5 1/2-1/2

[Event "2BLN 1718 SF Berlin II - FC St. Pauli"]
[Site "?"]
[Date "2018.02.25"]
[Round "7.8"]
[White "Brettschneider, Stefan"]
[Black "Mitscherling, Andreas"]
[Result "1-0"]
[WhiteElo "2260"]
[BlackElo "2173"]
[PlyCount "51"]
[EventDate "2018.??.??"]

1. e4 e5 2. Bc4 Nf6 3. d3 Nc6 4. Nc3 h6 5. f4 Bc5 6. Nf3 d6 7. Na4 Bg4 8. Nxc5
dxc5 9. Bb5 exf4 10. Bxc6+ bxc6 11. Bxf4 c4 12. O-O cxd3 13. cxd3 O-O 14. Qc2
c5 15. Be3 Nd7 16. Bxc5 Nxc5 17. Qxc5 Rb8 18. Qc3 Qd6 19. d4 f6 20. b3 Rfe8 21.
e5 fxe5 22. Nxe5 Be6 23. Rac1 Rb7 24. Rf4 Rf8 25. Rxf8+ Kxf8 26. Qf3+ 1-0

[Event "2BLN 1718 Hamburger SK II - SV Werder B"]
[Site "?"]
[Date "2018.02.25"]
[Round "7.1"]
[White "Zumsande, Martin"]
[Black "Colpe, Malte"]
[Result "0-1"]
[WhiteElo "2453"]
[BlackElo "2397"]
[PlyCount "94"]
[EventDate "2018.??.??"]

1. e4 e5 2. Nf3 Nc6 3. d4 exd4 4. Nxd4 Nf6 5. Nxc6 bxc6 6. e5 Qe7 7. Qe2 Nd5 8.
c4 Nb6 9. b3 Qe6 10. Bb2 Bb4+ 11. Nd2 O-O 12. g3 d5 13. exd6 Re8 14. Kd1 cxd6
15. Qxe6 Bxe6 16. Bd3 d5 17. c5 Bxc5 18. Rc1 Nd7 19. f3 a5 20. Re1 Rec8 21. Kc2
a4 22. f4 g6 23. f5 gxf5 24. Rf1 axb3+ 25. axb3 Be3 26. Rce1 Bxd2 27. Kxd2 Nc5
28. Bxf5 Nxb3+ 29. Kc2 Nc5 30. Rf4 Rcb8 31. Bxe6 Nxe6 32. Rg4+ Kf8 33. Be5 Ra2+
34. Kc3 Ra3+ 35. Kc2 Ra2+ 36. Kc3 Rba8 37. Bd6+ Ke8 38. Rf1 Kd7 39. Bb4 c5 40.
Rxf7+ Kd6 41. Rxh7 cxb4+ 42. Rxb4 R8a3+ 43. Rb3 d4+ 44. Kb4 Ra4+ 45. Kb5 Nc7+
46. Kb6 Nd5+ 47. Kb5 Nc3+ 0-1

[Event "2BLN 1718 Hamburger SK II - SV Werder B"]
[Site "?"]
[Date "2018.02.25"]
[Round "7.2"]
[White "Engel, Luis"]
[Black "Meins, Gerlef"]
[Result "1/2-1/2"]
[WhiteElo "2380"]
[BlackElo "2416"]
[PlyCount "73"]
[EventDate "2018.??.??"]

1. e4 c5 2. Nf3 Nc6 3. Bb5 g6 4. Bxc6 dxc6 5. d3 Bg7 6. h3 Nf6 7. Nc3 O-O 8.
O-O Ne8 9. Bf4 Nc7 10. Qd2 Ne6 11. Bh6 f6 12. Ne2 b6 13. b3 Qc7 14. Nh2 Bd7 15.
Bxg7 Kxg7 16. f4 Nd4 17. Nxd4 cxd4 18. Rf3 c5 19. Raf1 Rae8 20. f5 gxf5 21.
exf5 Kh8 22. Ng4 Rg8 23. Nh6 Rg7 24. Qf4 Qxf4 25. Rxf4 Bc6 26. g4 e5 27. fxe6
Rg6 28. Rxf6 Kg7 29. Rxg6+ Kxg6 30. Nf5 Rxe6 31. Kf2 h5 32. Kg3 hxg4 33. hxg4
Kg5 34. Nh4 Re3+ 35. Nf3+ Kg6 36. Rf2 Bd5 37. a4 1/2-1/2

[Event "2BLN 1718 Hamburger SK II - SV Werder B"]
[Site "?"]
[Date "2018.02.25"]
[Round "7.3"]
[White "Joachim, Sven"]
[Black "Bracker, Frank"]
[Result "1/2-1/2"]
[WhiteElo "2397"]
[BlackElo "2408"]
[PlyCount "105"]
[EventDate "2018.??.??"]

1. e4 c5 2. Nf3 e6 3. g3 Nc6 4. Bg2 Nf6 5. d3 e5 6. O-O Be7 7. Re1 O-O 8. c3 d6
9. Na3 Re8 10. Nc2 Bf8 11. Bg5 h6 12. Bxf6 Qxf6 13. Ne3 Be6 14. Nd5 Qd8 15. Nd2
g6 16. Nc4 Bg7 17. Nce3 Rb8 18. a3 a5 19. a4 h5 20. h4 Bh6 21. Qe2 Kg7 22. Kh2
b6 23. Nc4 f6 24. Ra3 Ne7 25. Nxe7 Rxe7 26. Rb1 Ra7 27. b4 axb4 28. cxb4 Qc7
29. Qb2 Bxc4 30. dxc4 cxb4 31. Qxb4 Qc5 32. Qxc5 dxc5 33. Rd3 Rbb7 34. Rd6 Rxa4
35. Bf1 Ra2 36. Kg1 Bd2 37. Rb3 Ba5 38. Rf3 Rf7 39. Bh3 Rd2 40. Rc6 Rd1+ 41.
Kg2 Rd4 42. Be6 Rf8 43. Bd5 f5 44. Re6 Rf6 45. Re7+ Kh6 46. Bg8 g5 47. Rxf5
Rxf5 48. exf5 gxh4 49. f4 exf4 50. gxh4 Rd2+ 51. Kf1 Rd1+ 52. Kf2 Rd2+ 53. Kf1
1/2-1/2

[Event "2BLN 1718 Hamburger SK II - SV Werder B"]
[Site "?"]
[Date "2018.02.25"]
[Round "7.4"]
[White "Souleidis, Georgios"]
[Black "Richter, Christian"]
[Result "1/2-1/2"]
[WhiteElo "2412"]
[BlackElo "2362"]
[PlyCount "85"]
[EventDate "2018.??.??"]

1. e4 e5 2. Nf3 Nc6 3. Bc4 Bc5 4. c3 Nf6 5. d3 a6 6. O-O Ba7 7. Nbd2 O-O 8. h3
d6 9. Bb3 Ne7 10. Re1 Ng6 11. Nf1 Be6 12. Ng3 h6 13. d4 Re8 14. Be3 Bxb3 15.
Qxb3 Qd7 16. Rad1 Qc6 17. Qc2 Bb6 18. d5 Qd7 19. c4 Ba5 20. Rf1 c5 21. Rb1 b5
22. a3 Rec8 23. b3 Rab8 24. Rfc1 Rb7 25. Nd2 Bxd2 26. Bxd2 Rcb8 27. Nf5 Ne7 28.
Nxe7+ Qxe7 29. b4 cxb4 30. axb4 bxc4 31. Qxc4 a5 32. b5 Qd7 33. f3 Rxb5 34.
Rxb5 Rxb5 35. Qc8+ Kh7 36. Qxd7 Nxd7 37. Ra1 Kg6 38. Bxa5 f5 39. Bc7 fxe4 40.
fxe4 Nc5 41. Bxd6 Nxe4 42. Bxe5 Rxd5 43. Bf4 1/2-1/2

[Event "2BLN 1718 Hamburger SK II - SV Werder B"]
[Site "?"]
[Date "2018.02.25"]
[Round "7.5"]
[White "Grigorian, Spartak"]
[Black "Balcerak, Philipp"]
[Result "1/2-1/2"]
[WhiteElo "2354"]
[BlackElo "2348"]
[PlyCount "60"]
[EventDate "2018.??.??"]

1. Nf3 Nf6 2. b3 d5 3. Bb2 Bf5 4. e3 c6 5. c4 e6 6. Nc3 h6 7. d4 Nbd7 8. Bd3
Bxd3 9. Qxd3 Bb4 10. O-O O-O 11. a3 Be7 12. Rad1 Qb6 13. Qc2 Rac8 14. Rfe1 a5
15. Ne5 Nxe5 16. dxe5 Nd7 17. e4 d4 18. Na4 Qc7 19. Rxd4 Nxe5 20. c5 Rcd8 21.
Red1 Rxd4 22. Rxd4 Nd7 23. Rd3 Rd8 24. g3 e5 25. Qd2 Nf6 26. f3 Rxd3 27. Qxd3
Nd7 28. Qc3 Qd8 29. Kg2 Nf8 30. Qc2 Nd7 1/2-1/2

[Event "2BLN 1718 Hamburger SK II - SV Werder B"]
[Site "?"]
[Date "2018.02.25"]
[Round "7.6"]
[White "Kramer, Julian"]
[Black "Charmeteau, Sven"]
[Result "1-0"]
[WhiteElo "2381"]
[BlackElo "2299"]
[PlyCount "105"]
[EventDate "2018.??.??"]

1. e4 c5 2. Nf3 Nc6 3. Bb5 e6 4. Bxc6 bxc6 5. d3 Ne7 6. Qe2 Ng6 7. h4 h5 8. e5
f6 9. Qe4 Kf7 10. Rh3 Qc7 11. Ng5+ fxg5 12. Rf3+ Kg8 13. Qxg6 Qxe5+ 14. Kd1 g4
15. Rf7 c4 16. Nc3 cxd3 17. cxd3 Ba6 18. Rxd7 Qf5 19. Qxf5 exf5 20. Be3 Rh7 21.
Kc2 g6 22. Rxh7 Kxh7 23. Rd1 Be7 24. g3 g5 25. hxg5 Kg6 26. Na4 Rd8 27. Bxa7
Bxg5 28. Nc5 Bc8 29. Re1 h4 30. gxh4 Bxh4 31. Ne6 Rg8 32. Nf4+ Kf7 33. Rh1 Bg5
34. Be3 Bxf4 35. Bxf4 Re8 36. Rh7+ Ke6 37. Rc7 Kd5 38. Kc3 Kc5 39. b4+ Kb6 40.
Rg7 c5 41. Be3 Kc6 42. Bxc5 Re2 43. a4 Ra2 44. Ra7 f4 45. Kd4 Bb7 46. b5+ Kc7
47. a5 Kb8 48. a6 Bf3 49. Rf7 Kc8 50. Bb6 Re2 51. a7 Re6 52. Rc7+ Kd8 53. Rc6+
1-0

[Event "2BLN 1718 Hamburger SK II - SV Werder B"]
[Site "?"]
[Date "2018.02.25"]
[Round "7.7"]
[White "Mueller, Oliver"]
[Black "Meissner, Felix"]
[Result "1/2-1/2"]
[WhiteElo "2293"]
[BlackElo "2342"]
[PlyCount "64"]
[EventDate "2018.??.??"]

1. d4 e6 2. Nf3 c5 3. e3 Nf6 4. Bd3 b6 5. Nbd2 Bb7 6. O-O Nc6 7. c3 Be7 8. Re1
O-O 9. e4 cxd4 10. cxd4 d6 11. a3 e5 12. d5 Nb8 13. Nf1 Nbd7 14. Ng3 g6 15. Bh6
Re8 16. b4 Rc8 17. Qe2 Bf8 18. Bg5 Be7 19. Bd2 Nb8 20. Bb5 Nfd7 21. Rac1 a6 22.
Rxc8 Bxc8 23. Bd3 b5 24. Rc1 Nb6 25. Be3 Bg4 26. h3 Bxf3 27. Qxf3 Bg5 28. Nf1
Bxe3 29. Nxe3 h5 30. Qg3 Qf6 31. f3 Rc8 32. Qe1 Qd8 1/2-1/2

[Event "2BLN 1718 Hamburger SK II - SV Werder B"]
[Site "?"]
[Date "2018.02.25"]
[Round "7.8"]
[White "Fuchs, Judith"]
[Black "Paulet, Iozefina"]
[Result "0-1"]
[WhiteElo "2284"]
[BlackElo "2272"]
[PlyCount "80"]
[EventDate "2018.??.??"]

1. e4 e6 2. d4 d5 3. Nc3 Nf6 4. e5 Nfd7 5. f4 c5 6. Nf3 Nc6 7. Be3 Be7 8. Qd2
O-O 9. dxc5 Nxc5 10. O-O-O a6 11. Qf2 b6 12. h4 f5 13. exf6 Bxf6 14. Nd4 Qc7
15. g3 Ne7 16. Bg2 b5 17. a3 Na4 18. Nxa4 bxa4 19. Bh3 Rb8 20. c3 Bxd4 21. Bxd4
e5 22. Ba7 Rb7 23. Bc5 Bxh3 24. Bxe7 Qxe7 25. Rxh3 d4 26. cxd4 Qe6 27. Rh2 exf4
28. Kb1 Qg4 29. Rf1 Rbf7 30. Qc2 fxg3 31. Rxf7 Rxf7 32. Re2 g6 33. d5 Qxh4 34.
Qc8+ Kg7 35. Qc3+ Kh6 36. Qd2+ Qf4 37. Qd1 Qf1 38. Re1 g2 39. Qd2+ g5 40. Ka2
g1=Q 0-1